00205nam a22000977a 4500082001300000100001500013245002700028260001700055300000800072650002700080 a658.5AHU aAhuja, K K aIndustrial Management  aIndia c1986 a375 aIndustrial Management